书目信息 |
| 题名: |
建筑电气监理
|
|
| 作者: | 樊伟樑 编著 | |
| 分册: | ||
| 出版信息: | 北京 中国电力出版社 2005.1 |
|
| 页数: | 201页 | |
| 开本: | 26cm | |
| 丛书名: | 建筑电气实用技术丛书 | |
| 单 册: | ||
| 中图分类: | TU85 | |
| 科图分类: | ||
| 主题词: | 建筑工程--jian zhu gong cheng--电气设备--监督管理 , 建筑工程--jian zhu gong cheng , 电气设备--dian qi she bei , 监督管理--jian du guan li | |
| 电子资源: | ||
| ISBN: | 7-5083-2598-2 | |
| 000 | 01209nam0 2200349 450 | |
| 000 | 01229nam0 2200349 450 | |
| 000 | 01192nam0 2200337 450 | |
| 000 | 01175nam0 2200337 450 | |
| 000 | 01138nam0 2200325 45 | |
| 001 | 012005000794 | |
| 005 | 20050317101010.0 | |
| 010 | @a7-5083-2598-2@d22.00CNY | |
| 100 | @a20050317d2005 em y0chiy0121 ea | |
| 101 | 0 | @achi |
| 102 | @aCN@b110000 | |
| 105 | @ak z 000yy | |
| 200 | 1 | @a建筑电气监理@Ajian zhu dian qi jian li@f樊伟樑编著 |
| 210 | @a北京@c中国电力出版社@d2005.1 | |
| 215 | @a201页@d26cm | |
| 225 | 2 | @a建筑电气实用技术丛书@Ajian zhu dian qi shi yong ji shu cong shu |
| 320 | @a有书目(第201页) | |
| 330 | @a本书主要包括工程监理概述、工程建设电气监理工作要点、电气临理资料管理要点、建筑工地施工质量验收标准等内容。 | |
| 333 | @a阅读对象:从事工程建设管理工作的电气人员等 | |
| 461 | 0 | @12001 @a建筑电气实用技术丛书 |
| 606 | 0 | @a建筑工程@Ajian zhu gong cheng@x电气设备@x监督管理 |
| 606 | 0 | @a建筑工程@Ajian zhu gong cheng |
| 606 | 0 | @a电气设备@Adian qi she bei |
| 606 | 0 | @a监督管理@Ajian du guan li |
| 690 | @aTU85@v4 | |
| 701 | 0 | @a樊伟樑@Afan wei liang@4编著 |
| 801 | 0 | @aCN@bSRXX@c20050317 |
| 905 | @a10447@dTU85@eF070 | |
| 建筑电气监理/樊伟樑编著.-北京:中国电力出版社,2005.1 |
| 201页;26cm.-(建筑电气实用技术丛书) |
| 使用对象:阅读对象:从事工程建设管理工作的电气人员等 |
| ISBN 7-5083-2598-2:22.00CNY |
| 本书主要包括工程监理概述、工程建设电气监理工作要点、电气临理资料管理要点、建筑工地施工质量验收标准等内容。 |
| ● |
| 相关链接 |
|
|
|
正题名:建筑电气监理
索取号:TU85/F070
 
预约/预借
| 序号 | 登录号 | 条形码 | 馆藏地/架位号 | 状态 | 备注 |
| 1 | 540721 | 205407219 | 建筑库201/201建筑库 53排1列3层/ [索取号:TU85/F070] | 在馆 | |
| 2 | 540722 | 205407228 | 建筑库201/201建筑库 53排1列3层/ [索取号:TU85/F070] | 在馆 | |
| 3 | 540723 | 205407237 | 建筑库201/201建筑库 53排1列3层/ [索取号:TU85/F070] | 在馆 |